000
00273nam a22001097a 4500
008
140207t xxu||||| |||| 00| 0 eng d
100
_a
Anthony Giddens
_9
664
245
_a
Sociology
250
_a
5th Ed.
_b
fully revised and updated
300
_a
xiv, 1093 p. :
942
_2
ddc
_c
BK
999
_c
16923
_d
16923